000
00262nam a22001097a 4500
008
170118b xxu||||| |||| 00| 0 eng d
020
_a
9780803623163
041
_a
eng
080
_2
4TH
_a
618.2
245
_a
JOURNEY ACROSS THE LIFE SPAN
_c
POLAN, E
942
_2
udc
_c
BK
999
_c
3127
_d
3127